|
|
|
|
| LEADER |
00000cam a2200000 7i4500 |
| 001 |
0000000371 |
| 008 |
021118s1980 |
| 090 |
0 |
0 |
|a BP163
|b .S5 1980
|
| 100 |
1 |
|
|a شرباصي, احمد
|e author
|
| 241 |
1 |
0 |
|a Yas'alunak fi al-din wa-al-hayah
|
| 245 |
1 |
0 |
|a يسالونك في الدين والحياة
|b احمد الشرباص
|
| 260 |
2 |
|
|a Bayrut
|b Dar al-Jil
|c 1980
|
| 300 |
|
|
|a 6 v.
|c 24 cm
|
| 650 |
|
0 |
|a Islam
|v Miscellanea
|
| 999 |
|
|
|a 1000015545
|b Book
|c OPEN SHELF (30 DAYS)
|e Gong Badak Campus
|
| 999 |
|
|
|a 1000015546
|b Book
|c OPEN SHELF (30 DAYS)
|e Gong Badak Campus
|
| 999 |
|
|
|a 1000015547
|b Book
|c OPEN SHELF (30 DAYS)
|e Gong Badak Campus
|
| 999 |
|
|
|a 1000015548
|b Book
|c OPEN SHELF (30 DAYS)
|e Gong Badak Campus
|
| 999 |
|
|
|a 1000015549
|b Book
|c OPEN SHELF (30 DAYS)
|e Gong Badak Campus
|
| 999 |
|
|
|a 1000015550
|b Book
|c OPEN SHELF (30 DAYS)
|e Gong Badak Campus
|
| 999 |
|
|
|a 1000015551
|b Book
|c OPEN SHELF (30 DAYS)
|e Gong Badak Campus
|
| 999 |
|
|
|a 1000015552
|b Book
|c OPEN SHELF (30 DAYS)
|e Gong Badak Campus
|
| 999 |
|
|
|a 1000015553
|b Book
|c OPEN SHELF (30 DAYS)
|e Gong Badak Campus
|
| 999 |
|
|
|a 1000015554
|b Book
|c OPEN SHELF (30 DAYS)
|e Gong Badak Campus
|
| 999 |
|
|
|a 1000015555
|b Book
|c OPEN SHELF (30 DAYS)
|e Gong Badak Campus
|
| 999 |
|
|
|a 1000015556
|b Book
|c OPEN SHELF (30 DAYS)
|e Gong Badak Campus
|